000 00293nam a22001337a 4500
008 170527b xxu||||| |||| 00| 0 eng d
020 _a9780442017224
041 _aeng
080 _a62
100 _a27
101 _aIM
245 _aSUCCESSFUL ENGINEERING
_cPETROZZO, D.P
942 _2udc
_cBK
999 _c14630
_d14630